| LEADER | 00924nam a2200205 a 4500 | ||
|---|---|---|---|
| 001 | GR-MES3891 | ||
| 008 | 991111s gr 000 0 gre d | ||
| 020 | |a 9604056530 | ||
| 040 | |a GrPaTEI |b gre |c GR-PaULI | ||
| 245 | 0 | 0 | |a Εργαστηριακή ρευστομηχανική |n 2ος. |
| 260 | |a Αθήνα : |b Ιων, |c c1996 | ||
| 300 | |a 238σελ. : |b πιν.,σχημ.,σχεδ. | ||
| 500 | |a Περιέχει παραρτήματα και βιβλιογραφία στο τέλος του βιβλίου | ||
| 650 | 4 | |a Μηχανική | |
| 700 | 1 | |a Κορωνάκης, Περικλής Σ. | |
| 700 | 1 | |a Παρίκος, Γιώργος Ι. | |
| 942 | |2 ddc | ||
| 952 | |0 0 |1 0 |2 ddc |4 0 |6 620_110000000000000_ΚΟΡ |7 0 |9 268495 |a MSLG |b MSLG |c BSC |d 2021-01-17 |e 24 |f 0 |g 0.00 |l 0 |o 620.11 ΚΟΡ |p 2420000009078 |r 2021-01-17 00:00:00 |t 1 |w 2021-01-17 |y BK15 |x 19991111 0 1 |x GrPaTEI | ||
| 971 | |a .b25749377 |b 16-04-20 |c 13-09-16 | ||
| 999 | |c 154727 |d 154727 | ||